01091nmm a2200277 a 4500003000900000005001700009008004100026040001300067100002000080245003400100250001200134260003300146300003600179500026000215650002800475650002300503650002800526650003600554650002900590651001900619700003400638942000700672998001100679999001700690952010600707AR-BaBNM20251128211105.0092120s1969 ||||||||||||||000 | spa|| cAR-BaBNM1 aKeppel, Francis10aLa obligada reforma educativa a1ª ed. aMéxico, D.F.bLetrasc1969 a202 p.bgráf.=300 0#btablas aEn Apéndice A contiene: Mensaje del Presidente John F. Kennedy al Congreso en 1963, mensaje del Presidente Lyndon B. Johnson al Congreso en 1965. En Apéndice B contiene: Ley de enseñanza elemental y secundaria de 1965. Indice alfabético en p. 197 4aREFORMA DE LA EDUCACION 4aPOLITICA EDUCATIVA 4aCALIDAD DE LA EDUCACION 4aDEMOCRATIZACION DE LA EDUCACION 4aHISTORIA DE LA EDUCACION 4aEstados Unidos1 aMateo, Andrés M:etraductor cBK cAlicia c18181d18181 00102ddc405171aLPLbLPLd2025-11-28l0o37[4/9] KEPp130099r2025-11-28 21:11:05w2025-11-28yBK